Library Logo

Pioneer International University Library Catalogue

MSTAHIKI MEYA (Record no. 9640)

MARC details
000 -LEADER
fixed length control field 00426nam a22001577a 4500
003 - CONTROL NUMBER IDENTIFIER
control field OSt
005 - DATE AND TIME OF LATEST TRANSACTION
control field 20251021070551.0
008 - FIXED-LENGTH DATA ELEMENTS--GENERAL INFORMATION
fixed length control field 251021b |||||||| |||| 00| 0 eng d
020 ## - INTERNATIONAL STANDARD BOOK NUMBER
International Standard Book Number 9966773533
040 ## - CATALOGING SOURCE
Transcribing agency VIDE-MUWA PUBLISHERS LIMITED
050 ## - LIBRARY OF CONGRESS CALL NUMBER
Classification number PL 8704 .A74 2009
245 ## - TITLE STATEMENT
Title MSTAHIKI MEYA
Statement of responsibility, etc. AREGE, M TIMOTHY
250 ## - EDITION STATEMENT
Edition statement 1ST EDITION
260 ## - PUBLICATION, DISTRIBUTION, ETC.
Place of publication, distribution, etc. NAIROBI, KENYA
Name of publisher, distributor, etc. VIDE-MUWAPUBLISHERS LIMITED
Date of publication, distribution, etc. 2009
942 ## - ADDED ENTRY ELEMENTS (KOHA)
Source of classification or shelving scheme Library of Congress Classification
Koha item type Books
Suppress in OPAC No
Holdings
Withdrawn status Lost status Source of classification or shelving scheme Damaged status Not for loan Home library Current library Date acquired Total checkouts Date last seen Price effective from Koha item type
    Library of Congress Classification     PIU Library PIU Library 10/21/2025   10/21/2025 10/21/2025 Books